=LDR 00000nam 2200000 4500 =001 INLIS000000000044668 =005 20131008110423 =008 ***********************************Ind** =035 ##$$0010-101300000002590 =041 ##$$a Ind =082 ##$$a 612.63 =090 ##$$a 612.63 , Hid h =100 ##$$a Hidajati, Arini =245 ##$$a Hamil Itu Indah , Arini Hidajati =850 ##$$a NBPNMAT